Výchova k demokratickému občianstvu a ľudským právam

Bibliographic Details
Main Author: Khun, Pavel (Author)
Format: Article
Language:Slovak
ISSN:1335-1103
Subjects:

MARC

LEADER 00000nab a2200000 a 4500
001 vtls000611561
003 SK-MaSNL
005 20260304091044.0
008 250425c1996 xo 0 slo
015 |a SNBRB19rr/mm-uuuuu 
035 |a CL0611700 
035 |a urn:nbn:sk:snk-ab2wp4 
035 |a (urnnbn)urn:nbn:sk:snk:ar-a031lv 
035 |a (uuid)6c5a9e17-4d77-439f-8f50-cee7b42193f5 
040 |a SNKBUCL  |b slo  |c SNKBUCL  |e AACR2 
041 0 |a slo 
044 |a xo  |c SK 
080 |a 342.7:37:061.3  |2 1981 
080 |a 37  |2 1981 
100 1 |a Khun, Pavel  |4 aut  |9 6793 
245 1 0 |a Výchova k demokratickému občianstvu a ľudským právam  |c Pavel Khun 
650 0 7 |a ľudské práva  |2 snkbucl  |9 798 
650 0 7 |a demokratické občianstvo  |2 snkbucl  |9 1092827 
650 0 7 |a výchova k občianstvu  |2 snkbucl  |9 25192 
655 7 |a štúdie  |2 snkbucl  |9 57033 
773 0 |t Mládež a spoločnosť  |g Roč. 2, č. 4 (1996), s. 46-48  |x 1335-1103 
850 |a Slovenská národná knižnica 
852 |a Slovenská národná knižnica 
954 |a odborná, vedecká literatúra pôvodná (slovenská)  |2 lita 
958 |a article27 
958 |a OND 
958 |a EUIPO 
999 |c 2813921  |d 2815851